<?xml version="1.0" encoding="UTF-8"?>
<collection xmlns="http://www.loc.gov/MARC21/slim">
 <record>
  <leader>03131nas a2200469   4500</leader>
  <controlfield tag="001">1/50503</controlfield>
  <controlfield tag="008">101209s20099999xxuqnzp       0   z0eng d</controlfield>
  <datafield tag="022" ind1=" " ind2=" ">
   <subfield code="a">1945-7782</subfield>
  </datafield>
  <datafield tag="035" ind1=" " ind2=" ">
   <subfield code="l">43458</subfield>
  </datafield>
  <datafield tag="040" ind1=" " ind2=" ">
   <subfield code="a">DLC</subfield>
   <subfield code="d">GR-PeUP</subfield>
  </datafield>
  <datafield tag="090" ind1=" " ind2=" ">
   <subfield code="a">Αλφαβητική σειρά</subfield>
  </datafield>
  <datafield tag="245" ind1="0" ind2="0">
   <subfield code="a">American economic journal.</subfield>
   <subfield code="p">Applied economics.</subfield>
  </datafield>
  <datafield tag="246" ind1="3" ind2="0">
   <subfield code="a">Applied economics.</subfield>
  </datafield>
  <datafield tag="246" ind1="1" ind2="3">
   <subfield code="a">AEJ applied.</subfield>
  </datafield>
  <datafield tag="260" ind1=" " ind2=" ">
   <subfield code="a">Nashville, TN :</subfield>
   <subfield code="b">American Economic Association,</subfield>
   <subfield code="c">[2009]-</subfield>
  </datafield>
  <datafield tag="300" ind1=" " ind2=" ">
   <subfield code="a">τ. ;</subfield>
   <subfield code="c">25 εκ.</subfield>
  </datafield>
  <datafield tag="310" ind1=" " ind2=" ">
   <subfield code="a">Τριμηνιαίο.</subfield>
  </datafield>
  <datafield tag="362" ind1="0" ind2=" ">
   <subfield code="a">Vol. 2 no. 3 (July 2010)-</subfield>
  </datafield>
  <datafield tag="546" ind1=" " ind2=" ">
   <subfield code="a">Αγγλική.</subfield>
  </datafield>
  <datafield tag="650" ind1=" " ind2="4">
   <subfield code="a">Microeconomics</subfield>
   <subfield code="v">Periodicals.</subfield>
  </datafield>
  <datafield tag="650" ind1=" " ind2="4">
   <subfield code="a">Economics</subfield>
   <subfield code="v">Periodicals.</subfield>
  </datafield>
  <datafield tag="650" ind1=" " ind2="4">
   <subfield code="a">Finance</subfield>
   <subfield code="v">Periodicals.</subfield>
  </datafield>
  <datafield tag="852" ind1=" " ind2=" ">
   <subfield code="a">INST</subfield>
   <subfield code="b">UNIPILB</subfield>
   <subfield code="c">SERIALS</subfield>
   <subfield code="e">20101209</subfield>
   <subfield code="h">Αλφαβητική σειρά</subfield>
   <subfield code="p">70729</subfield>
   <subfield code="q">70729</subfield>
   <subfield code="t">NOLOAN</subfield>
   <subfield code="v">vol.2;no.3:(Μήνας)July;(Έτος)2010</subfield>
   <subfield code="y">23</subfield>
  </datafield>
  <datafield tag="852" ind1=" " ind2=" ">
   <subfield code="a">INST</subfield>
   <subfield code="b">UNIPILB</subfield>
   <subfield code="c">SERIALS</subfield>
   <subfield code="e">20101209</subfield>
   <subfield code="h">Αλφαβητική σειρά</subfield>
   <subfield code="p">70730</subfield>
   <subfield code="q">70730</subfield>
   <subfield code="t">NOLOAN</subfield>
   <subfield code="v">vol.2;no.4:(Μήνας)October;(Έτος)2010</subfield>
   <subfield code="y">23</subfield>
  </datafield>
  <datafield tag="852" ind1=" " ind2=" ">
   <subfield code="a">INST</subfield>
   <subfield code="b">UNIPILB</subfield>
   <subfield code="c">SERIALS</subfield>
   <subfield code="e">20110511</subfield>
   <subfield code="h">Αλφαβητική σειρά</subfield>
   <subfield code="p">71743</subfield>
   <subfield code="q">71743</subfield>
   <subfield code="t">NOLOAN</subfield>
   <subfield code="v">vol.3;no.1:(Μήνας)January;(Έτος)2011</subfield>
   <subfield code="y">23</subfield>
  </datafield>
  <datafield tag="852" ind1=" " ind2=" ">
   <subfield code="a">INST</subfield>
   <subfield code="b">UNIPILB</subfield>
   <subfield code="c">SERIALS</subfield>
   <subfield code="e">20110512</subfield>
   <subfield code="h">Αλφαβητική σειρά</subfield>
   <subfield code="p">71792</subfield>
   <subfield code="q">71792</subfield>
   <subfield code="t">NOLOAN</subfield>
   <subfield code="v">vol.3;no.2:(Μήνας)April;(Έτος)2011</subfield>
   <subfield code="y">23</subfield>
  </datafield>
  <datafield tag="852" ind1=" " ind2=" ">
   <subfield code="a">INST</subfield>
   <subfield code="b">UNIPILB</subfield>
   <subfield code="c">SERIALS</subfield>
   <subfield code="e">20110929</subfield>
   <subfield code="h">Αλφαβητική σειρά</subfield>
   <subfield code="p">72817</subfield>
   <subfield code="q">72817</subfield>
   <subfield code="t">NOLOAN</subfield>
   <subfield code="v">vol.3;no.3:(Μήνας)July;(Έτος)2011</subfield>
   <subfield code="y">23</subfield>
  </datafield>
  <datafield tag="852" ind1=" " ind2=" ">
   <subfield code="a">INST</subfield>
   <subfield code="b">UNIPILB</subfield>
   <subfield code="c">SERIALS</subfield>
   <subfield code="e">20111101</subfield>
   <subfield code="h">Αλφαβητική σειρά</subfield>
   <subfield code="p">73187</subfield>
   <subfield code="q">73187</subfield>
   <subfield code="t">NOLOAN</subfield>
   <subfield code="v">vol.3;no.4:(Μήνας)October;(Έτος)2011</subfield>
   <subfield code="y">23</subfield>
  </datafield>
  <datafield tag="852" ind1=" " ind2=" ">
   <subfield code="a">INST</subfield>
   <subfield code="b">UNIPILB</subfield>
   <subfield code="c">SERIALS</subfield>
   <subfield code="e">20120409</subfield>
   <subfield code="h">Αλφαβητική σειρά</subfield>
   <subfield code="p">75140</subfield>
   <subfield code="q">75140</subfield>
   <subfield code="t">NOLOAN</subfield>
   <subfield code="v">vol.4;no.1:(Μήνας)January;(Έτος)2012</subfield>
   <subfield code="y">23</subfield>
  </datafield>
  <datafield tag="852" ind1=" " ind2=" ">
   <subfield code="a">INST</subfield>
   <subfield code="b">UNIPILB</subfield>
   <subfield code="c">SERIALS</subfield>
   <subfield code="e">20120427</subfield>
   <subfield code="h">Αλφαβητική σειρά</subfield>
   <subfield code="p">75335</subfield>
   <subfield code="q">75335</subfield>
   <subfield code="t">NOLOAN</subfield>
   <subfield code="v">vol.4;no.2:(Μήνας)April;(Έτος)2012</subfield>
   <subfield code="y">23</subfield>
  </datafield>
  <datafield tag="852" ind1=" " ind2=" ">
   <subfield code="a">INST</subfield>
   <subfield code="b">UNIPILB</subfield>
   <subfield code="c">SERIALS</subfield>
   <subfield code="e">20130314</subfield>
   <subfield code="h">Αλφαβητική σειρά</subfield>
   <subfield code="p">78454</subfield>
   <subfield code="q">78454</subfield>
   <subfield code="t">NOLOAN</subfield>
   <subfield code="v">vol.5;no.1:(Μήνας)January;(Έτος)2013</subfield>
   <subfield code="y">23</subfield>
  </datafield>
  <datafield tag="852" ind1=" " ind2=" ">
   <subfield code="a">INST</subfield>
   <subfield code="b">UNIPILB</subfield>
   <subfield code="c">SERIALS</subfield>
   <subfield code="e">20130513</subfield>
   <subfield code="h">Αλφαβητική σειρά</subfield>
   <subfield code="p">79443</subfield>
   <subfield code="q">79443</subfield>
   <subfield code="t">NOLOAN</subfield>
   <subfield code="v">vol.5;no.2:(Μήνας)April;(Έτος)2013</subfield>
   <subfield code="y">23</subfield>
  </datafield>
  <datafield tag="852" ind1=" " ind2=" ">
   <subfield code="a">INST</subfield>
   <subfield code="b">UNIPILB</subfield>
   <subfield code="c">SERIALS</subfield>
   <subfield code="e">20130719</subfield>
   <subfield code="h">Αλφαβητική σειρά</subfield>
   <subfield code="p">80627</subfield>
   <subfield code="q">80627</subfield>
   <subfield code="t">NOLOAN</subfield>
   <subfield code="v">vol.4;no.3:(Μήνας)July;(Έτος)2012</subfield>
   <subfield code="y">23</subfield>
  </datafield>
  <datafield tag="852" ind1=" " ind2=" ">
   <subfield code="a">INST</subfield>
   <subfield code="b">UNIPILB</subfield>
   <subfield code="c">SERIALS</subfield>
   <subfield code="e">20130719</subfield>
   <subfield code="h">Αλφαβητική σειρά</subfield>
   <subfield code="p">80628</subfield>
   <subfield code="q">80628</subfield>
   <subfield code="t">NOLOAN</subfield>
   <subfield code="v">vol.4;no.4:(Μήνας)October;(Έτος)2012</subfield>
   <subfield code="y">23</subfield>
  </datafield>
  <datafield tag="900" ind1=" " ind2=" ">
   <subfield code="a">Vol. 5 no. 3 (July 2013)</subfield>
   <subfield code="b">Οφειλόμενο</subfield>
   <subfield code="c">13/06/2017</subfield>
  </datafield>
  <datafield tag="900" ind1=" " ind2=" ">
   <subfield code="a">Vol. 2 no. 1 (January 2010)</subfield>
   <subfield code="b">Οφειλόμενο</subfield>
   <subfield code="c">08/12/2010</subfield>
  </datafield>
  <datafield tag="900" ind1=" " ind2=" ">
   <subfield code="a">Vol. 2 no. 2 (April 2010)</subfield>
   <subfield code="b">Οφειλόμενο</subfield>
   <subfield code="c">08/12/2010</subfield>
  </datafield>
  <datafield tag="950" ind1=" " ind2=" ">
   <subfield code="a">01/01/2010</subfield>
   <subfield code="c">SWETS INFORMATION SERVICES</subfield>
   <subfield code="d">808</subfield>
  </datafield>
  <datafield tag="951" ind1=" " ind2=" ">
   <subfield code="a">Vol. 3 No. 4 (October 2011)</subfield>
   <subfield code="b">Main run</subfield>
  </datafield>
  <datafield tag="951" ind1=" " ind2=" ">
   <subfield code="a">Vol. 2 no. 3 (July 2010) - Vol. 4 no. 4 (October 2012)</subfield>
   <subfield code="b">Main run</subfield>
  </datafield>
  <datafield tag="951" ind1=" " ind2=" ">
   <subfield code="a">Vol. 5 no. 1 (January 2013) - Vol. 5 no. 2 (April 2013)</subfield>
   <subfield code="b">Main run</subfield>
  </datafield>
  <datafield tag="951" ind1=" " ind2=" ">
   <subfield code="a">Vol. 3 No. 1 (January 2011) - Vol. 3 No. 2(April 2011)</subfield>
   <subfield code="b">Main run</subfield>
  </datafield>
 </record>
</collection>
